000 00413nam a2200169Ia 4500
003 LK-CoDNM
008 010623t xxu||||| |||| 00| 1 sin d
040 _aLK-CoDNM
_dLK-CoDNM
_eLK-CoDNM
041 _asin
080 _a22/28 PAU
245 _aපවුලේ යැදුම්
246 _aPaulee Yedum
260 _bLanka Sabha Prakashana
300 _b106p., 21 cm
650 _aChristinity
942 _cBK
999 _c139169
_d139169